000 00536nam a22001931a 4500
001 6235
003 OSt
005 20260204212044.0
008 060317s2002||||dr ||||||b||||||||||spa||
050 _aRD 370.11 P416e
245 _aPerfil de estudiante dominicano del nivel básico / Minerva Vicent
264 _aSanto Domingo : Centenario
300 _a76 p
490 _aSerie investigación Educativa
500 _aDonado
650 _a1.Educación Básica - República Dominicana
700 _aVicent, MinervaÌ
942 _2ddc
_cBK
999 _c6235
_d6235